Countries of the Caribbean - Statistics

General Stats
  • This quiz has been taken 34 times
  • The average score is 12 of 13
Answer Stats
Countries % Correct
Barbados
100%
Cuba
100%
Haiti
100%
Jamaica
100%
St. Kitts & Nevis
100%
St. Vincent & the Grenadines
100%
Bahamas
95%
Trinidad & Tobago
95%
Dominica
90%
Grenada
90%
St. Lucia
90%
Antigua & Barbuda
86%
Dominican Republic
86%
No matching quizzes found
Score Distribution
Percent of People with Each Score
Percentile by Number Answered
Your Score History
You have not taken this quiz